Obstaranie majetku z dotácií poskytnutých účtovnej jednotke diplomová práca

Guardado en:
Detalles Bibliográficos
Autor principal: Bartalošová, Csilla
Autor Corporativo: Fakulta hospodárskej informatiky EU. Katedra účtovníctva a audítorstva
Otros Autores: Ballová, Martina, 1985-
Formato: Libro
Lenguaje:eslovaco
Publicado: Bratislava 2022
Etiquetas: Agregar Etiqueta
Sin Etiquetas, Sea el primero en etiquetar este registro!

MARC

LEADER 00000nbm a2200000 4500
001 0284375
005 20230316085011.9
041 0 |a slo 
044 |a SK 
245 1 0 |a Obstaranie majetku z dotácií poskytnutých účtovnej jednotke  |b diplomová práca  |c Csilla Bartalošová ; školiteľ: Martina Ballová 
264 1 |a Bratislava  |c 2022 
300 |a 90 s. 
100 1 |a Bartalošová, Csilla 
700 1 |a Ballová, Martina, 1985- 
710 2 |a Fakulta hospodárskej informatiky EU. Katedra účtovníctva a audítorstva